Jeden z dziesięciu - Statystyki

Ogólne statystyki
  • Ten quiz został rozwiązany 156 razy
  • Średni wynik to 3 z 10
Statystyki odpowiedzi
Pytanie Odpowiedź % Poprawnych
Jaki język jest językiem urzędowym na Bermudach? Angielski
91%
Jak nazywa się podstawowa jednostka długości w układzie SI? Metr
62%
Do którego państwa należy Wyspa Wielkanocna? Do Chile
55%
Czyją żoną była Reja? (córka Uranosa i Gai) Kronosa
33%
W którym mieście ma siedzibę Europejska Agencja Kosmiczna? W Paryżu
24%
Jak nazywa się cieśnina między wyspami Nowej Zelandii: północną i południową? Cieśnina Cooka
20%
Z którego utworu Juliusza Słowackiego pochodzą słowa: "Nie czas żałować róż gdy płoną lasy"? Lilla Weneda
8%
W której Dolinie Tatrzańskiej są Wodogrzmoty Mickiewicza? W Dolinie Roztoki
7%
W którym mieście ukończył studia Wincenty Witos? Żadnym
5%
Kto w XVIII w. odkrył i zbadał właściwości gazu metan? Alessandro Volta
3%
Nie znaleziono quizów pasujących do podanych kryteriów
Rozkład punktacji
Procent ludzi z każdym wynikiem
Percentyl według liczby udzielonych odpowiedzi
Twoja historia wyników
Nie rozwiązałeś tego quizu